00317nam a2200121Ia 4500008004100000100002700041245002800068260004400096300000900140650002200149942000700171999001700178190216s9999||||xx |||||||||||||| ||und|| aBashkaran Pallikuruppu 0aAlakaladangatha Theeram b"Keyennam Publications, Palakkad"c1992 a142p aMalayalam Nadakam cBK c26764d26764